00745cam a2200205u 4500001001000000003000900010005001700019008004100036040002500077050002300102100003400125240004400159245005700203260005600260300001700316700006200333942001400395952011300409999001700522000013632DO-SdBNP20250707113117.0811117m19469999mx 000 0 spa  aDO-SdBNPcspadBNPHU00aHB501b.M3664 19461 aMarx, Karl,d1818-188393043914aDas kapital. Spanish [from old catalog]03aEl capital :bel proceso de produccion de capital /. aMéxico, :bFondo de cultura económica,c[1946-. av. ;c24 cm.2 aRoces Suárez, Wenceslao, [from old catalog]etr.931042 2ddccLBS1 001052708MOaGRbGRcCTd2009-11-26iLF1l0ov.3p13632-10r2020-06-25w2020-06-25y2ZPréstamo interno c13246d13246